| 000 | 01773nam a2200349 c 4500 | ||
|---|---|---|---|
| 001 | 59619 | ||
| 003 | CO-BoRNBP | ||
| 005 | 20251024151836.0 | ||
| 007 | ta | ||
| 008 | 250201s2025 ck a ||gr ||| 00| 0 spa d | ||
| 020 | _a9786287589582 | ||
| 040 |
_aCO-BoRNBP _bspa _erda _cCO-BoRNBP |
||
| 041 | 1 |
_aspa _heng |
|
| 082 | 0 | 4 |
_a581 _bH17p _223 |
| 100 |
_aHarris, Stephen _d1966- _eaut _966071 |
||
| 245 | 1 | 0 |
_aPlantas legendarias / _cStephen Harris ; traducción Juan Fernando Hincapie :50 plantas que cambiaron el mundo. |
| 250 | _aEdición especial | ||
| 264 | 1 |
_aBogotá, Colombia : _bRey Naranjo, _c2025 |
|
| 300 |
_a368 páginas : _bilustraciones en blanco y negro |
||
| 336 |
_atexto _btxt _2rdacontent |
||
| 337 |
_asin mediación _bn _2rdamedia |
||
| 338 |
_avolumen _bnc _2rdacarrier |
||
| 504 | _aIncluye bibliografía | ||
| 520 | _aLas 50 plantas que el autor reseña han sido indispensables en el desarrollo de la humanidad, desde los antiguos neumáticos de caucho natural, que acompañaron el nacimiento de la industria del automóvil, hasta el maíz, la papa o el café, que han sido fundamentales en la alimentación universal. Nos proporcionan los alimentos que comemos, los medicamentos que tomamos, el combustible que usamos y, por supuesto, el oxígeno que respiramos. Las plantas han sido indispensables para los seres humanos durante milenios y han tenido un impacto profundo, a menudo inesperado, en nuestra vida cotidiana | ||
| 521 | _aRecomendado para un público mayor de 18 años | ||
| 650 | 0 | 7 |
_aBotánica económica _2lemb _966072 |
| 650 | 0 | 7 |
_aEtnobotanica _2LEMB _966073 |
| 650 | 0 | 7 |
_aPlantas comestibles _2lemb _966074 |
| 650 | 0 | 7 |
_aPlantas medicinales _2lemb _915805 |
| 700 |
_aHincapié, Juan Fernando _d1978- _etrl _966075 |
||
| 942 |
_2ddc _cBK |
||
| 999 |
_c59619 _d59619 |
||